| 000 | 00669nam a2200205 a 4500 | ||
|---|---|---|---|
| 005 | 20210223124941.0 | ||
| 008 | 030519s1997 mx r 000 0 spa d | ||
| 020 | _a9688161586 (DDF) | ||
| 020 | _a9688427519 (M. A. Porrúa) | ||
| 035 | _aUPN01000124356 | ||
| 049 | _aF | ||
| 050 | 4 |
_aF1386 A4 _bP3.7 |
|
| 100 | 1 |
_aPastor, Blanca _928600 |
|
| 245 | 1 | 0 |
_aDelegación política : _bÁlvaro Obregón / _cBlanca Pastor, Alfredo Ameneyro ; imagen Adrián Navarro Canedo. |
| 260 |
_aMéxico : _bDDF : _bM. A. Porrúa, _cc1997. |
||
| 300 |
_a22 p. : _bil. |
||
| 651 | 4 |
_aALVARO OBREGON, D.F. - _xHISTORIA _92721 |
|
| 700 | 1 |
_aAmeneyro, Alfredo _ecoaut. _928717 |
|
| 905 | _aLibro | ||
| 999 |
_c96535 _d96535 |
||